00618nam a22002177a 450000500170000001000130001702000220003003500130005203700160006504000120008108200100009310000280010324500740013126000370020527000470024230000210028950000490031065000200035965000180037970000030039720170124105943.0 aA-351316 c00.00a8120803868 aA-351316 bCen Lib/Ret aDPLbEN a230.1 aOflaherty,Wendy Doniger aThe origins of evil in hindu mythology / cby Wendy Doniger Oflaherty aDelhibMotilal Banarsidassc1976 aBanglow road Jawahar nagarb Delhie110007 a411p. c21cm(Hb) aincludes bibliographical reference and index aHindu mythology aGood and evil